[Event "3rd HoliCup Lake City 2019"]
[Site "Udaipur"]
[Date "2019.03.31"]
[Round "8.19"]
[White "Shubham, Shukla"]
[Black "Bahadur, Singh"]
[Result "1-0"]
[WhiteElo "1948"]
[BlackElo "1630"]
[Annotator "NA"]
[PlyCount "103"]
[EventDate "2019.??.??"]
[EventCountry "IND"]
[SourceTitle "playchess.com"]
[Source "ChessBase"]
[SourceQuality "1"]
[TimeControl "5400+30"]

1. e4 {[%emt 0:00:00]} d6 {[%emt 0:00:00]} 2. d4 {[%emt 0:00:00]} Nf6 {[%emt 0:00:00]} 3. Nc3 {[%emt 0:00:00]} c6 {[%emt 0:00:04]} 4. Bg5 {[%emt 0:00:00]} e6 {[%emt 0:04:03]} 5. Nf3 {[%emt 0:01:41]} Be7 {[%emt 0:01:00]} 6. Bd3 {[%emt 0:00:41]} d5 {[%emt 0:09:01]} 7. Qe2 {[%emt 0:00:38]} dxe4 {[%emt 0:00:45]} 8. Nxe4 {[%emt 0:00:30]} Nxe4 {[%emt 0:01:11]} 9. Bxe7 $16 {[%emt 0:00:07]} Qxe7 {[%emt 0:01:41]} 10. Bxe4 {[%emt 0:00:07]} Nd7 {[%emt 0:00:46]} 11. O-O-O {[%emt 0:00:29]} O-O {[%emt 0:02:42]} 12. Rhe1 {[%emt 0:00:25]} Qf6 {[%emt 0:00:12]} 13. g3 {[%emt 0:00:21]} a5 {[%emt 0:01:49]} 14. h4 {[%emt 0:00:20]} h6 {[%emt 0:01:37]} 15. Ne5 {[%emt 0:00:17]} Qe7 {[%emt 0:01:35]} 16. f4 {[%emt 0:00:59]} Nxe5 {[%emt 0:05:45]} 17. dxe5 {[%emt 0:01:42]} a4 {[%emt 0:00:54]} 18. Rd6 {[%emt 0:00:13]} a3 {[%emt 0:11:48]} 19. b4 {[%emt 0:02:36]} f5 {[%emt 0:00:21]} 20. Bf3 {[%emt 0:00:38]} g6 {[%emt 0:09:29]} 21. Red1 {[%emt 0:00:06]} h5 {[%emt 0:01:45]} 22. R1d3 {[%emt 0:00:43]} Qc7 {[%emt 0:04:36]} 23. Qe3 {[%emt 0:00:22]} Kg7 {[%emt 0:09:43]} 24. Rxa3 {[%emt 0:00:52]} Rxa3 {[%emt 0:00:23]} 25. Qxa3 {[%emt 0:00:14]} Qb6 {[%emt 0:00:27]} 26. Be2 {[%emt 0:00:13]} Rd8 {[%emt 0:02:13]} 27. Qc3 {[%emt 0:01:52]} Kf7 {[%emt 0:06:10]} 28. Qc5 {[%emt 0:01:29]} Qxc5 {[%emt 0:00:36]} 29. bxc5 {[%emt 0:00:02]} Ke7 {[%emt 0:00:45]} 30. Kb2 {[%emt 0:00:09]} Bd7 {[%emt 0:00:31]} 31. a4 {[%emt 0:00:11]} Ra8 {[%emt 0:02:15]} 32. Kb3 {[%emt 0:00:05]} Rb8 {[%emt 0:01:05]} 33. Kb4 {[%emt 0:00:18]} Ra8 {[%emt 0:00:43]} 34. Bc4 {[%emt 0:01:41]} Ra7 {[%emt 0:00:19]} 35. Rd1 {[%emt 0:00:06]} Bc8 {[%emt 0:01:10]} 36. a5 {[%emt 0:00:23]} Ra8 {[%emt 0:01:19]} 37. Rd3 {[%emt 0:00:05]} Rb8 {[%emt 0:04:23]} 38. Ka4 {[%emt 0:03:02]} Ra8 {[%emt 0:01:00]} 39. Rd6 {[%emt 0:00:09]} Rb8 {[%emt 0:01:00]} 40. a6 {[%emt 0:00:34]} bxa6 {[%emt 0:00:09]} 41. Ka5 {[%emt 0:00:03]} Bd7 {[%emt 0:00:09]} 42. Kxa6 {[%emt 0:00:19]} Rb4 {[%emt 0:02:05]} 43. Bb3 {[%emt 0:00:42]} Rb5 {[%emt 0:03:36]} 44. Ba4 {[%emt 0:01:45]} Rxc5 {[%emt 0:00:27]} 45. Kb6 {[%emt 0:00:02]} Rd5 {[%emt 0:08:51]} 46. Kc7 {[%emt 0:00:55]} Rxd6 {[%emt 0:00:38]} 47. exd6+ {[%emt 0:00:06]} Ke8 {[%emt 0:00:13]} 48. c4 {[%emt 0:00:08]} g5 {[%emt 0:01:08]} 49. hxg5 {[%emt 0:00:23]} e5 {[%emt 0:00:17]} 50. Bd1 {[%emt 0:00:05]} exf4 {[%emt 0:00:16]} 51. Bxh5+ {[%emt 0:00:03]} Kf8 {[%emt 0:00:01]} 52. Kxd7 {[%emt 0:00:16]} 1-0

[Event "3rd HoliCup Lake City 2019"]
[Site "Udaipur"]
[Date "2019.03.31"]
[Round "8.20"]
[White "Devesh, Mukherjee"]
[Black "Vikramaditya, Mukhija"]
[Result "1/2-1/2"]
[WhiteElo "1884"]
[BlackElo "1627"]
[Annotator "NA"]
[PlyCount "141"]
[EventDate "2019.??.??"]
[EventCountry "IND"]
[SourceTitle "playchess.com"]
[Source "ChessBase"]
[SourceQuality "1"]
[TimeControl "5400+30"]

1. c4 {[%emt 0:05:21]} Nf6 {[%emt 0:00:00]} 2. Nc3 {[%emt 0:00:11]} g6 {[%emt 0:00:00]} 3. g3 {[%emt 0:04:24]} Bg7 {[%emt 0:00:00]} 4. Bg2 {[%emt 0:00:01]} d6 {[%emt 0:00:04]} 5. e3 {[%emt 0:01:06]} O-O {[%emt 0:01:46]} 6. Nge2 {[%emt 0:00:06]} Nc6 {[%emt 0:01:05]} 7. O-O {[%emt 0:00:35] Rb} Rb8 $14 {[%emt 0:01:53]} 8. d3 {[%emt 0:05:52]} Bg4 {[%emt 0:01:45]} 9. h3 {[%emt 0:02:20]} Bd7 {[%emt 0:00:23]} 10. e4 {[%emt 0:02:35]} e5 {[%emt 0:11:03]} 11. Be3 {[%emt 0:04:59]} Ne8 {[%emt 0:02:19]} 12. Qd2 {[%emt 0:01:43]} Nd4 {[%emt 0:06:54]} 13. f4 {[%emt 0:01:21]} f5 {[%emt 0:06:17]} 14. Bf2 {[%emt 0:12:14]} c5 {[%emt 0:11:13]} 15. Nd5 {[%emt 0:01:22]} Nc7 {[%emt 0:02:54]} 16. Nxd4 {[%emt 0:02:17]} cxd4 {[%emt 0:03:29]} 17. exf5 {[%emt 0:01:15]} Bxf5 {[%emt 0:00:57]} 18. g4 {[%emt 0:08:24]} Bd7 {[%emt 0:02:12]} 19. Bg3 {[%emt 0:00:35]} exf4 {[%emt 0:04:11]} 20. Bxf4 {[%emt 0:05:26]} Bc6 {[%emt 0:00:22]} 21. Rae1 {[%emt 0:07:28]} Bxd5 {[%emt 0:03:10]} 22. cxd5 {[%emt 0:00:20]} Qd7 {[%emt 0:01:49]} 23. Qb4 {[%emt 0:01:39]} Rf6 {[%emt 0:11:02]} 24. g5 {[%emt 0:03:14]} Rxf4 {[%emt 0:00:19]} 25. Rxf4 {[%emt 0:00:17]} Be5 {[%emt 0:00:09]} 26. Rf3 {[%emt 0:01:06]} Na6 {[%emt 0:01:25]} 27. Qd2 {[%emt 0:00:44]} Rf8 {[%emt 0:03:38]} 28. Rxf8+ {[%emt 0:01:16]} Kxf8 {[%emt 0:00:06]} 29. Qf2+ {[%emt 0:00:52]} Qf7 {[%emt 0:03:26]} 30. Qxf7+ {[%emt 0:01:08]} Kxf7 {[%emt 0:00:05]} 31. Be4 {[%emt 0:00:09]} Kg7 {[%emt 0:01:31]} 32. Kg2 {[%emt 0:00:49]} Nc5 {[%emt 0:01:25]} 33. Kf3 {[%emt 0:04:09]} a5 {[%emt 0:00:28]} 34. Rc1 {[%emt 0:01:17]} Kf7 {[%emt 0:01:35]} 35. h4 {[%emt 0:00:20]} Kg7 {[%emt 0:00:25]} 36. b3 {[%emt 0:02:04]} b5 {[%emt 0:01:38]} 37. h5 {[%emt 0:02:15]} gxh5 {[%emt 0:01:30]} 38. Rh1 {[%emt 0:00:04]} Nxe4 {[%emt 0:00:17]} 39. Kxe4 {[%emt 0:02:40]} Kg6 {[%emt 0:00:05]} 40. Kf3 {[%emt 0:01:54]} Kxg5 {[%emt 0:01:09]} 41. Rg1+ {[%emt 0:00:16]} Kf5 {[%emt 0:00:21]} 42. Rg8 {[%emt 0:00:10]} h4 {[%emt 0:00:33]} 43. Rf8+ {[%emt 0:00:47]} Kg5 {[%emt 0:00:20]} 44. Ra8 {[%emt 0:00:28]} h3 {[%emt 0:00:15]} 45. Rxa5 {[%emt 0:00:14]} h2 {[%emt 0:00:14]} 46. Kg2 {[%emt 0:00:08]} Kf4 {[%emt 0:00:25]} 47. Ra8 {[%emt 0:01:26]} Ke3 {[%emt 0:04:47]} 48. a4 {[%emt 0:01:45]} bxa4 {[%emt 0:02:22]} 49. bxa4 {[%emt 0:00:08]} Kxd3 {[%emt 0:00:10]} 50. Re8 {[%emt 0:05:44]} Ke2 {[%emt 0:05:26]} 51. Rxe5+ {[%emt 0:00:49]} dxe5 {[%emt 0:00:09]} 52. d6 {[%emt 0:00:05]} d3 {[%emt 0:01:00]} 53. d7 {[%emt 0:00:11]} h1=Q+ {[%emt 0:00:34]} 54. Kxh1 {[%emt 0:00:08]} d2 {[%emt 0:00:15]} 55. d8=Q {[%emt 0:03:36]} e4 {[%emt 0:01:18]} 56. Kg2 {[%emt 0:03:25]} d1=Q {[%emt 0:00:07]} 57. Qxd1+ {[%emt 0:02:02]} Kxd1 {[%emt 0:00:06]} 58. a5 {[%emt 0:00:44]} e3 {[%emt 0:00:06]} 59. a6 {[%emt 0:00:20]} e2 {[%emt 0:00:05]} 60. a7 {[%emt 0:00:11]} e1=Q {[%emt 0:00:08]} 61. a8=Q {[%emt 0:00:39]} Qd2+ {[%emt 0:00:43]} 62. Kh3 {[%emt 0:00:25]} Qd3+ {[%emt 0:00:51]} 63. Kh2 {[%emt 0:00:04]} Qe2+ {[%emt 0:01:11]} 64. Kh3 {[%emt 0:00:03]} Qh5+ {[%emt 0:00:12]} 65. Kg2 {[%emt 0:00:22]} Qg6+ {[%emt 0:00:13]} 66. Kh2 {[%emt 0:00:05]} Qh5+ {[%emt 0:01:26]} 67. Kg2 {[%emt 0:00:09]} Qg4+ {[%emt 0:00:48]} 68. Kh2 {[%emt 0:00:05]} Qf5 {[%emt 0:01:15]} 69. Qh1+ {[%emt 0:00:55]} Ke2 {[%emt 0:00:20]} 70. Qg2+ {[%emt 0:00:02]} Ke3 {[%emt 0:00:09]} 71. Qh3+ 1/2-1/2